| 000 | 00945nam a2200241 a 4500 | ||
|---|---|---|---|
| 005 | 20231025063702.0 | ||
| 008 | 991125s1980 mx 000 0 spa u | ||
| 035 | _aUPN01000002583 | ||
| 049 | _aC | ||
| 050 | 4 |
_aBF80.7 M6 _bL6.2 |
|
| 100 | 1 | _aLópez Suárez, Adolfo | |
| 245 | 1 | 0 |
_aAnálisis curricular de la enseñanza de la psicología en México / _cAdolfo López Suárez, Ma. Guadalupe Parra Dávila, Luis A. Guadarrama Rico. |
| 260 |
_aMéxico : _bUniversidad Autónoma del Estado de México, _c1980. |
||
| 300 |
_a605 p. : _bil. |
||
| 500 | _aTrabajo asesorado por María Luisa Morales Castillo. "ANUIES, SEP, CNEIP" | ||
| 500 | _aDatos tomados de la cubierta | ||
| 650 | 2 |
_aInvestigacion psicológica _915795 |
|
| 650 | 4 |
_aPsicología _xMetodología _95866 |
|
| 650 | 4 |
_aPSICOLOGIA - _vPLANES Y PROGRAMAS _925431 |
|
| 700 | 1 |
_aParra Dávila, María Guadalupe, _ecoaut. |
|
| 700 | 1 |
_aGuadarrama Rico, Luis A., _ecoaut. |
|
| 905 | _aLibro | ||
| 999 |
_c2583 _d2583 |
||